| 000 | 01196cam a2200337 4500 | ||
|---|---|---|---|
| 001 | M87437 | ||
| 008 | 090401t1998 xxu||||| |||| 00| 0 eng d | ||
| 020 | _a1901535002 | ||
| 035 | _a(Sirsi) u81833 | ||
| 041 | _aeng | ||
| 050 | _a336.39 | ||
| 100 | _aMumford, Michael | ||
| 245 | _aPublic projects : private finance : understanding the principles of the private finance initiative. | ||
| 260 |
_aWelwyn Garden City _bNVP+ from Griffin Multimedia _c1998 |
||
| 300 | _a278p. ; 23cm. | ||
| 350 | _a40 | ||
| 520 | _aExplains the economic principles behind PFI and its history to date. The author, an accountant, looks at the elements of discounted cash flow, types of operating risk, agency relations, contracts and transaction costs and sources of successful projects. | ||
| 650 | _aAMEC PROJECT INVESTMENTS LTD | ||
| 650 | _aBATES REVIEW | ||
| 650 | _aCOLFOX SCHOOL | ||
| 650 | _aDISCOUNTED CASH FLOW | ||
| 650 | _aDORSET CC | ||
| 650 | _aDRESDNER KLEINWORT BENSON | ||
| 650 | _aJOHN LAING PLC | ||
| 650 | _aLONDON UNDERGROUND | ||
| 650 | _aPFI | ||
| 650 | _aRISK ASSESSMENT | ||
| 690 | _aPROPERTY-PROPERTY FINANCE AND INVESTMENT | ||
| 942 | _n0 | ||
| 948 | _c31/10/1997 | ||
| 999 |
_c96752 _d96752 |
||